Municipal finances in the Calcutta metropolitan district; (Record no. 69499)

MARC details
000 -LEADER
fixed length control field 00909cam a22002651 4500
001 - CONTROL NUMBER
control field sa 66004573
003 - CONTROL NUMBER IDENTIFIER
control field DLC
005 - DATE AND TIME OF LATEST TRANSACTION
control field 20260227112243.0
008 - FIXED-LENGTH DATA ELEMENTS--GENERAL INFORMATION
fixed length control field 721108s1965 ii b 000 0 eng
010 ## - LIBRARY OF CONGRESS CONTROL NUMBER
LC control number sa 66004573
015 ## - NATIONAL BIBLIOGRAPHY NUMBER
National bibliography number GB66-6714
025 ## - OVERSEAS ACQUISITION NUMBER
Overseas acquisition number PL480:I-E-5587
035 ## - SYSTEM CONTROL NUMBER
System control number (OCoLC)490474
040 ## - CATALOGING SOURCE
Original cataloging agency DLC
Transcribing agency OAU
Modifying agency OCoLC
-- Uk
-- DLC
042 ## - AUTHENTICATION CODE
Authentication code premarc
050 00 - LIBRARY OF CONGRESS CALL NUMBER
Classification number HJ9553.C3
Item number D3 1965
082 ## - DEWEY DECIMAL CLASSIFICATION NUMBER
Classification number 352.1095414
100 1# - MAIN ENTRY--PERSONAL NAME
Personal name Datta, Abhijit.
245 10 - TITLE STATEMENT
Title Municipal finances in the Calcutta metropolitan district;
Remainder of title a preliminary survey
Statement of responsibility, etc. [by] Abhijit Datta and David C. Ranney.
260 ## - PUBLICATION, DISTRIBUTION, ETC.
Place of publication, distribution, etc. Bombay,
-- New York,
Name of publisher, distributor, etc. Published for Institute of Public Administration [by] Asia Pub. House
Date of publication, distribution, etc. [1965]
300 ## - PHYSICAL DESCRIPTION
Extent ix, 123 p.
Other physical details maps.
Dimensions 25 cm.
440 #0 - SERIES STATEMENT/ADDED ENTRY--TITLE
Title Calcutta research studies,
Volume/sequential designation 3
650 #0 - SUBJECT ADDED ENTRY--TOPICAL TERM
Topical term or geographic name entry element Finance, Public
Geographic subdivision India
-- Kolkata Metropolitan Area.
700 1# - ADDED ENTRY--PERSONAL NAME
Personal name Ranney, David C.,
Relator term joint author.

No items available.

Powered by Koha